El problema de la especificidad histórica /

Guardado en:
书目详细资料
主要作者: M. Hodgson, Geoffrey
格式: Texto
主题:
标签: 添加标签
没有标签, 成为第一个标记此记录!

MARC

LEADER 00000 a a2200000 04500
001 8880
003
040
100 |a M. Hodgson, Geoffrey  
245 |a El problema de la especificidad histórica /  |c Geoffrey M. Hodgson 
650 |a HISTORIA  
650 |a ECONOMIA  
650 |a CIENCIA  
650 |a TEORIA  
773 |g volumen 62, número 245; páginas 33-69  
999 |c 24898  |d 24898